A escrava Isaura (Record no. 182578)

MARC details
000 -LÍDER
campo de controle de tamanho fixo 00353 a2200169 4500
001 - NÚMERO DE CONTROLE
campo de controle 182578
020 ## - ISBN - INTERNATIONAL STANDARD BOOK NUMBER
ISBN - International Standard Book Number 85-00-00574-2
040 ## - FONTE DA CATALOGAÇÃO
Instituição que transcreveu o registro Magnum
100 ## - ENTRADA PRINCIPAL--NOME PESSOAL
Nome pessoal Guimaraes, Bernardo
240 10 - TÍTULO UNIFORME
Título uniforme A escrava Isaura
Idioma da obra por
245 10 - TÍTULO
Título A escrava Isaura
300 ## - DESCRIÇÃO FÍSICA
Extensão 192
362 0# - DATAS DE PUBLICAÇÃO E/OU DESIGNAÇÃO SEQUENCIAL
Datas de publicação e/ou designação sequencial 2002
440 #1 - DECLARAÇÃO DE SÉRIE/ENTRADA ADICIONADA--TÍTULO
Título Ediouro
697 ## - ENTRADA DE ASSUNTO LOCAL--ENTIDADE COLETIVA (RLIN)
Nome corporativo ou nome da jurisdição LITERATURA GERAL
942 ## - ELEMENTOS DE ENTRADA ADICIONADOS (KOHA)
Tipo de material Koha Livros
Holdings
Situação do descarte Situação das perdas Situação física Não pode ser emprestado Biblioteca de origem Biblioteca atual Data de aquisição Total de empréstimos Número de chamada completo Código de barras Data de último acesso Data do preço efetivo Tipo de material Koha
        Magnum Magnum 08/06/2024   869.4.124 MAG00034826 08/06/2024 08/06/2024 Livros
        Magnum Magnum 08/06/2024   869.4.124 MAG00034827 08/06/2024 08/06/2024 Livros
        Magnum Magnum 08/06/2024   869.4.124 MAG00034828 08/06/2024 08/06/2024 Livros
        Magnum Magnum 08/06/2024   869.4.124 MAG00034829 08/06/2024 08/06/2024 Livros
        Magnum Magnum 08/06/2024   869.4.124 MAG00034830 08/06/2024 08/06/2024 Livros
        Magnum Magnum 08/06/2024   869.4.124 MAG00034831 08/06/2024 08/06/2024 Livros
        Magnum Magnum 08/06/2024   869.4.124 MAG00034832 08/06/2024 08/06/2024 Livros
        Magnum Magnum 08/06/2024   869.4.124 MAG00034833 08/06/2024 08/06/2024 Livros